000 00483nam a2200181Ia 4500
008 090124s9999 xx 000 0 und d
082 _b118925
100 _aमेहता शशिकला
245 _a अनुराधा
250 _a1
260 _c1981
300 _a110
600 _aमेहता शशिकला
630 _a अनुराधा
700 _aमेहता शशिकला
730 _a अनुराधा
942 _cBOOK
999 _c165011
_d165011